| 000 | 00504nam a2200193Ia 4500 | ||
|---|---|---|---|
| 005 | 20260429112223.0 | ||
| 008 | 260429s9999||||xx |||||||||||||| ||und|| | ||
| 020 | _a9789355244154 | ||
| 041 | _aEnglish | ||
| 082 |
_a546 _bMIN |
||
| 100 | _aMinakshi | ||
| 245 | 0 |
_aInorganic solids : _bchemistry and applications / _cMinakshi |
|
| 260 |
_aJaipur : _bOxford, _c2025. |
||
| 300 | _avii, 180 p.; hb | ||
| 650 | _a Inorganic chemistry | ||
| 650 | _aChemistry | ||
| 700 | _a Yadav, Nisha | ||
| 942 | _cTB | ||
| 999 |
_c52960 _d52960 |
||